书目信息 |
| 题名: |
Protel DXP电路设计入门与进阶
|
|
| 作者: | 尹勇 编著 | |
| 分册: | ||
| 出版信息: | 北京 科学出版社 2004.04 |
|
| 页数: | 436页 | |
| 开本: | 26cm | |
| 丛书名: | ||
| 单 册: | ||
| 中图分类: | TN410.2 | |
| 科图分类: | ||
| 主题词: | 印刷电路--计算机辅助设计--应用软件 | |
| 电子资源: | ||
| ISBN: | 7-03-012991-1 | |
| 000 | 00803nam0 2200241 450 | |
| 001 | 0152689609 | |
| 005 | 20050820163148.53 | |
| 010 | @a7-03-012991-1@dCNY40.00 | |
| 100 | @a20041219d2004 km y0chiy0120 ea | |
| 101 | 0 | @achi |
| 102 | @aCN@b110000 | |
| 105 | @aa a 000yy | |
| 200 | 1 | @aProtel DXP电路设计入门与进阶@AProtel DXP dian lu she ji ru men yu jin jie@f尹勇编著@Fyin yong bian zhu |
| 210 | @a北京@c科学出版社@d2004.04 | |
| 215 | @a436页@c图@d26cm | |
| 320 | @a有书目。 | |
| 330 | @a本书详细介绍了Protel DXP操作的知识与方法,通过实例说明电路板设计所需的功能与技巧,以及各种向导的应用等。 | |
| 606 | 0 | @a印刷电路@x计算机辅助设计@x应用软件 |
| 610 | 0 | @aProtel DXP |
| 690 | @aTN410.2@v4 | |
| 701 | 0 | @a尹勇@Ayin yong@4编著 |
| 801 | 0 | @aCN@bQSSK@c20050820 |
| 905 | @a10447@dTN410.2@eY605 | |
| Protel DXP电路设计入门与进阶/尹勇编著.-北京:科学出版社,2004.04 |
| 436页:图;26cm |
| ISBN 7-03-012991-1:CNY40.00 |
| 本书详细介绍了Protel DXP操作的知识与方法,通过实例说明电路板设计所需的功能与技巧,以及各种向导的应用等。 |
| ● |
| 相关链接 |
|
|
|
正题名:Protel DXP电路设计入门与进阶
索取号:TN410.2/Y605
 
预约/预借
| 序号 | 登录号 | 条形码 | 馆藏地/架位号 | 状态 | 备注 |
| 1 | 562368 | 205623681 | 自科库301/301自科库 27排3列1层/ [索取号:TN410.2/Y605] | 在馆 | |
| 2 | 562369 | 205623690 | 自科库301/301自科库 27排3列1层/ [索取号:TN410.2/Y605] | 在馆 | |
| 3 | 562370 | 205623707 | 自科库301/301自科库 27排3列1层/ [索取号:TN410.2/Y605] | 在馆 |